书目信息 |
| 书名: | The world under the sea | |
| 作者: | ||
| 分册号: | ||
| 分册名: | 出版地: | London : |
|
| 出版社: | Longman | |
| 出版时间: | 1979. | |
| 页数: | 46 p. | |
| 开本: | ||
| 丛书名: | ||
| 中图分类号: | ||
| 科图分类号: | ||
| 其他分类号: | H319.4 | |
| 主题词: | ||
| 电子资源: | ||
| 000 | 00560nam 2200205 a 4500 | |
| 001 | E0737495389 | |
| 005 | 20070210102641.40 | |
| 008 | uu | |
| 040 | @aNLC | |
| 049 | @aN5LA | |
| 090 | @a2/N49/BMW/////*961783/-84/ 2cop. | |
| 090 | @aH319.4 | |
| 096 | @aN49 @v2 | |
| 099 | @dH319.4@ex490 | |
| 100 | 1 | @aBuckby, Michael. |
| 245 | 14 | @aThe world under the sea |
| 260 | @aLondon :@bLongman,@c1979. | |
| 300 | @a46 p. | |
| 700 | 1 | @aWright, Andrew, @ejt. auth. @b00 @c20020930 @lNLC09 @h2245 @lNLC09 @h2243 @lNLC09 @h1834 |
| 852 | 9 | @bWWJC @cJ08S @k2 @hN49 @iBMW |
| The world under the sea.-London : : Longman, , 1979. |
| 46 p. |
| ISBN |
| ● |
| 相关链接 |
|
|
|
|
正题名:world under the sea
索取号:H319.4/x490
 
预约/预借
| 序号 | 登录号 | 条形码 | 馆藏地/架位号 | 状态 | 备注 |
| 1 | 68252 | 000446529 | 第四借阅区/ [索取号:H319.4/x490] | 在馆 | |
| 2 | 68253 | 000446440 | 第四借阅区/ [索取号:H319.4/x490] | 在馆 | |
| 3 | 68254 | 000446486 | 第四借阅区/ [索取号:H319.4/x490] | 在馆 | |
| 4 | 68255 | 000446841 | 第四借阅区/ [索取号:H319.4/x490] | 在馆 | |
| 5 | 68256 | 000446565 | 第四借阅区/ [索取号:H319.4/x490] | 在馆 |